Personnage fictif Call of duty en image - Statistiques

Statistiques générales
  • Ce quiz a été pris 86 fois
  • Le résultat moyen est 16 sur 47
Statistiques - réponses
Par images Réponse % Correct
Simon "Ghost" Riley
96%
Alex "Ajax" Johnson
94%
Keegan P. Russ
94%
John Price
85%
Alex Mason
84%
John "Soap" MacTavish
81%
David Mason
78%
Franck Woods
75%
Vladimir Makarov
72%
Raul Menendez
60%
Josefina Menendez
54%
Jason Hudson
53%
Viktor Reznov
51%
Khaled Al-Asad
49%
Gaz
44%
Lev Kravchenko
40%
Nikolai
37%
Nikolai Belinski
37%
Joseph Bowman
35%
William Bowman
34%
Grigori Weaver
32%
Shepherd
29%
Victor Zakhaev
29%
Javier Salazar
26%
Manuel Noriega
26%
Nikita Dragovich
25%
MacMillan
24%
Samantha Maxis
24%
Gabriel T. Rorke
18%
Joseph "Hadès" Chkheidze
15%
Kamarov
15%
Tommy Briggs
13%
Nick Reyes
7%
Chloe "Karma" Lynch
6%
Ilona
6%
Mark McKnight
6%
Thomas Merrick
6%
Tian Zhao
6%
Chernov
4%
Jacob Hendricks
4%
Vasquez
4%
Joker
3%
Nora Salter
3%
Omar
3%
Truck
3%
Wallcroft
3%
Terrance Brooks
0%
Aucun quiz correspondant
Distribution des résultats
% des personnes avec chaque résultat
Percentile par nombre de réponses
Votre historique - résultats
Vous n’avez pas pris ce quiz